| 000 | 00725cam a22002533a 4500 | ||
|---|---|---|---|
| 001 | 22213 | ||
| 003 | PGUSA | ||
| 005 | 20140828083455.0 | ||
| 008 | 070801s2007||||xxu|||||s|||||000 | eng d | ||
| 040 |
_aPGUSA _beng |
||
| 042 | _adc | ||
| 050 | 4 | _aBL | |
| 100 | 1 |
_aCumont, Franz Valery Marie, _d1868-1947 |
|
| 245 | 1 | 4 |
_aThe Oriental Religions in Roman Paganism _h[electronic resource] / _cFranz Valery Marie Cumont |
| 260 |
_bProject Gutenberg, _c2007 |
||
| 506 | _aPublic domain in the USA. | ||
| 516 | _aElectronic text | ||
| 653 | _aReligions | ||
| 653 | _aRome -- Religion | ||
| 653 | _aPaganism -- Rome | ||
| 830 | 0 |
_aProject Gutenberg _v22213 |
|
| 856 | 4 | 0 | _uhttp://www.gutenberg.org/ebooks/22213 |
| 942 | _cEB | ||
| 999 |
_c251468 _d251468 |
||